Normal view MARC view
  • Jesse C. Jones

Entry Corporate Name

Number of records used in: 1

001 - CONTROL NUMBER

  • control field: 132827

003 - CONTROL NUMBER IDENTIFIER

  • control field: NUST

005 - DATE AND TIME OF LATEST TRANSACTION

  • control field: 20260119154534.0

008 - FIXED-LENGTH DATA ELEMENTS

  • fixed length control field: 260119|| aca||aabn | a|a d

040 ## - CATALOGING SOURCE

  • Original cataloging agency: NUST
  • Transcribing agency: NUST

110 ## - HEADING--CORPORATE NAME

  • Corporate name or jurisdiction name as entry element: Jesse C. Jones

670 ## - SOURCE DATA FOUND

  • Source citation: Work cat.: (NUST)0: Ertas, Atila, 1944- 132826, The engineering design process /, c1993.
© 2023 Central Library, National University of Sciences and Technology. All Rights Reserved.